Resumen de los trabajos de la Comisión Internacional del Metro / (Record no. 188367)

MARC details
000 -LEADER
campo de control de longitud fija 00606nam a2200181 i 4500
001 - NÚMERO DE CONTROL
campo de control 188367
003 - IDENTIFICADOR DE NÚMERO DE CONTROL
campo de control ES-MaACL
005 - FECHA Y HORA DE LA ÚLTIMA TRANSACCIÓN
campo de control 20250724075057.0
008 - DATOS DE LONGITUD FIJA--INFORMACIÓN GENERAL
campo de control de longitud fija 180904s1872 sp |||| | spa d
245 00 - MENCIÓN DEL TÍTULO
Título Resumen de los trabajos de la Comisión Internacional del Metro /
Mención de responsabilidad, etc. publicado por el Instituto Geografico de España.
260 ## - PUBLICACIÓN, DISTRIBUCIÓN, ETC.
Lugar de publicación, distribución, etc. Madrid :
Nombre del editor, distribuidor, etc. M. Rivadeneyra,
Fecha de publicación, distribución, etc. 1872.
300 ## - DESCRIPCIÓN FÍSICA
Extensión 95 p. ;
Dimensiones 26 cm.
650 #7 - PUNTO DE ACCESO ADICIONAL DE MATERIA--TÉRMINO DE MATERIA
Término de materia o nombre geográfico como elemento de entrada Pesos y medidas
Fuente del encabezamiento o término embne
9 (RLIN) 136691
710 2# - ENTRADA AGREGADA--NOMBRE DE ENTIDAD CORPORATIVA
Nombre de entidad corporativa o nombre de jurisdicción como elemento de entrada Comisión Internacional del Metro.
9 (RLIN) 151422
852 ## - LOCALIZACIÓN
Ubicación ES-MaACL
Número de control de estantería T-176-F-6
852 ## - LOCALIZACIÓN
Ubicación ES-MaACL
Número de control de estantería T-438-F-14
Holdings
Estatus retirado Estado de pérdida Estado de daño No para préstamo Colección Biblioteca de origen Biblioteca actual Ubicación en estantería Fecha de adquisición Fuente de adquisición Total de préstamos Signatura topográfica completa Código de barras Visto por última vez Precio de reemplazo Tipo de ítem Koha
        Colección de folletos Biblioteca del Ateneo de Madrid Biblioteca del Ateneo de Madrid Depósito folletos 07/05/2005     T-438-F-14 1201883 23/02/2023 23/02/2023 Folleto
        Colección de folletos Biblioteca del Ateneo de Madrid Biblioteca del Ateneo de Madrid Depósito folletos 04/09/2018     T-176-F-6 1199266 23/02/2023 23/02/2023 Folleto